BIBLIOTHÈQUE DE LA MAISON DU MEXIQUE

Logo 1 Logo 2

El capitalismo mexicano en los ochenta (notice nᵒ 8957)

détails MARC
000 -Sello discográfico
campo de control de longitud fija 00899nam a2200301 4500
005 - Identificación de versión
campo de control 20251016082434.0
010 ## - Número Estándar Internacional de Libros (ISBN)
Número (ISBN) 968-411-145-2
035 ## - Otros números de control del sistema
Número de control del sistema 17489
099 ## - fechas locales
Tipo de ítem Koha LIBRO
100 ## - Datos de procesamiento general
Datos de procesamiento general 20000517d1986 m y1spay5003 ba
105 ## - Campo de datos codificados: Material textual, monográfico
Datos codificados de monografía y 001zy
200 1# - Título y mención de responsabilidad
Título propio El capitalismo mexicano en los ochenta
Designación general del material texto impreso
Otra información del título ¿ hacia una nuevo modelo de acumulación ?
Primer mención de responsabilidad José Valenzuela Feijóo
205 ## - Declaración de edición
Declaración de edición 1a ed
210 ## - Publicación, distribución, etc.
Lugar de publicación, distribución, etc. México
Nombre del editor, distribuidor, etc. Ediciones Era
Fecha de publicación, distribución, etc. 1986
215 ## - Descripción física
Designación de material específico y extensión del ítem 323 p
Dimensiones 21 cm
345 ## - Nota de información de adquisición
Fuente de adquisición/dirección de la suscripción [OBSOLETO] Donación
410 #1 - Series
Título Colección Problemas de México
Número de volumen 41-1
607 ## - Nombre geográfico utilizado como tema
Elemento de entrada México
Subdivisión temática Política económica
Número Koha 673
660 ## - Código de área geográfica
Código MX
700 ## - Nombre personal - Responsabilidad primaria
Elemento de entrada Valenzuela Feijóo
Parte del nombre distinta del elemento de entrada José Carlos
Número Koha 2220
801 #0 - Fuente de origen
Agencia cm
900 ## -
-- 1/338
900 ## -
-- 7100012118\170500
942 ## - ELEMENTOS DE ENTRADA SECUNDARIOS (KOHA)
Tipo de ítem Koha Livre
996 ## -
-- MEX
-- 751145101
-- MMAG
-- 007249
-- 330.122 V15C
-- 20230127LIV
Exemplaires
Estatus retirado Estado de daño Estado de pérdida Fecha de adquisición Biblioteca de origen Biblioteca actual Ubicación en estantería Código de barras Precio de reemplazo Signatura topográfica completa No para préstamo Tipo de ítem Koha Nota pública Nota no pública
      05/08/2025 Casa México Paris Casa México Paris   007249 05/08/2025 330.122 V15C   Livre 20230127LIV 751145101